000 01169cab a2200445 4500
001 ABS55673
008 090401t1996 xxu||||| |||| 00| 0 eng d
035 _a(Sirsi) u17936
041 _aeng
100 _aThame, D.
245 _aNorth and Scotland: Grampian, Tayside and Fife
260 _c1996
350 _a0
490 _aProperty Week
_v56(6) 9 August 1996, 26-36(6)
650 _aABERDEEN
650 _aARBROATH
650 _aCRINE
650 _aDUNDEE
650 _aDUNFERMLINE
650 _aFIFE
650 _aGAS
650 _aGLENROTHES
650 _aGRAMPIAN REGION
650 _aGRANTS
650 _aINDUSTRIAL MARKET
650 _aINVERNESS
650 _aKIRKCALDY
650 _aPROPERTY-COMMERCIAL PROPERTY-OFFICE PROPERTY-OFFICE PROPERTY MARKET
650 _aOIL
650 _aPERTH
650 _aRENTAL VALUES
650 _aPROPERTY-COMMERCIAL PROPERTY-RETAIL PROPERTY-RETAIL PROPERTY MARKET
650 _aSCOTLAND
650 _aST ANDREWS
650 _aTAYSIDE
650 _aURBAN REGENERATION
690 _aPROPERTY-COMMERCIAL PROPERTY-COMMERCIAL PROPERTY MARKET
942 _n0
948 _c04/03/1997
999 _c11895
_d11895